[Event "Mitropa Online Cup Open 2021"]
[Site "Hybrid"]
[Date "2021.05.04"]
[Round "9.2"]
[White "Schwabeneder, Florian"]
[Black "Brunello, Sabino"]
[Result "0-1"]
[WhiteElo "2443"]
[BlackElo "2519"]
[Annotator "ChessBase"]
[PlyCount "90"]
[EventDate "2021.05.04"]
[EventType "team-tourn"]
[EventCountry "NET"]
[SourceTitle "playchess.com"]
[Source "ChessBase"]
[SourceQuality "1"]
[WhiteTeam "Austria"]
[BlackTeam "Italy"]
[WhiteTeamCountry "AUT"]
[BlackTeamCountry "ITA"]
[TimeControl "40/5400+30:1800+30"]

1. e4 {[%emt 0:00:00]} c5 {[%emt 0:00:07]} 2. Nc3 {[%emt 0:00:17]} d6 {[%emt 0:04:04]} 3. g3 {[%emt 0:00:28]} Nc6 {[%emt 0:01:56]} 4. Bg2 {[%emt 0:00:05]} g6 {[%emt 0:02:48]} 5. d3 {[%emt 0:00:32]} Bg7 {[%emt 0:01:53]} 6. Nge2 {[%emt 0:00:05]} Rb8 {[%emt 0:05:48]} 7. a4 {[%emt 0:00:32]} a6 {[%emt 0:00:55]} 8. O-O {[%emt 0:00:17]} b5 {[%emt 0:13:04]} 9. axb5 {[%emt 0:00:27]} axb5 {[%emt 0:00:11]} 10. Nd5 {[%emt 0:00:15]} e6 {[%emt 0:05:43]} 11. Ne3 {[%emt 0:00:15]} Nge7 {[%emt 0:07:16]} 12. h4 {[%emt 0:01:55]} h6 {[%emt 0:06:28]} 13. h5 {[%emt 0:39:07]} g5 {[%emt 0:00:27]} 14. c3 {[%emt 0:01:45]} d5 {[%emt 0:06:02]} 15. exd5 {[%emt 0:21:29]} exd5 {[%emt 0:00:10]} 16. d4 {[%emt 0:00:28]} cxd4 {[%emt 0:16:55]} 17. Nxd4 {[%emt 0:00:33]} Nxd4 {[%emt 0:01:04]} 18. cxd4 {[%emt 0:00:04]} Be6 {[%emt 0:02:01]} 19. b3 {[%emt 0:03:01]} O-O {[%emt 0:02:24]} 20. Ba3 {[%emt 0:06:14]} b4 {[%emt 0:01:45]} 21. Bb2 {[%emt 0:00:04]} Qd7 {[%emt 0:06:59]} 22. Re1 {[%emt 0:07:42]} Ra8 {[%emt 0:05:52]} 23. Qd2 {[%emt 0:01:29]} Qd6 {[%emt 0:01:03]} 24. Nc2 {[%emt 0:03:17]} Nc6 {[%emt 0:01:18]} 25. Qd3 {[%emt 0:00:56]} Ne7 {[%emt 0:02:11]} 26. Ne3 {[%emt 0:03:55]} f5 {[%emt 0:00:39]} 27. Nc2 {[%emt 0:01:25]} Bf7 {[%emt 0:01:53]} 28. Ra4 {[%emt 0:06:06]} Bxh5 {[%emt 0:01:03]} 29. Rxb4 {[%emt 0:00:38]} f4 {[%emt 0:01:52]} 30. Rb7 {[%emt 0:00:13]} Nf5 {[%emt 0:00:14]} 31. Re5 {[%emt 0:01:02]} fxg3 {[%emt 0:00:18]} 32. fxg3 {[%emt 0:00:47]} Bxe5 {[%emt 0:00:07]} 33. dxe5 {[%emt 0:00:05]} Qc5+ {[%emt 0:00:14]} 34. Kh2 {[%emt 0:00:39]} Ra2 {[%emt 0:01:02]} 35. Nd4 {[%emt 0:00:32]} Rxb2 {[%emt 0:01:00]} 36. Nxf5 {[%emt 0:00:04]} Qc2 {[%emt 0:00:16]} 37. Qxd5+ {[%emt 0:00:45]} Kh8 {[%emt 0:00:12]} 38. Ne3 {[%emt 0:00:16]} Qxg2+ {[%emt 0:00:37]} 39. Nxg2 {[%emt 0:00:13]} Bf3 {[%emt 0:00:03]} 40. Qxf3 {[%emt 0:00:00]} Rxf3 {[%emt 0:00:00]} 41. Kh3 {[%emt 0:04:10]} Rbxb3 {[%emt 0:03:52]} 42. Rxb3 {[%emt 0:07:24]} Rxb3 {[%emt 0:00:06]} 43. Kg4 {[%emt 0:00:03]} Kg7 {[%emt 0:01:11]} 44. Ne1 {[%emt 0:00:12]} Kg6 {[%emt 0:01:17]} 45. Nc2 {[%emt 0:00:17]} h5+ {[%emt 0:00:31]} 0-1

[Event "Mitropa Online Cup Open 2021"]
[Site "Hybrid"]
[Date "2021.05.04"]
[Round "9.3"]
[White "Antal, Gergely"]
[Black "Sebenik, Matej"]
[Result "1-0"]
[WhiteElo "2572"]
[BlackElo "2498"]
[Annotator "ChessBase"]
[PlyCount "39"]
[EventDate "2021.05.04"]
[EventType "team-tourn"]
[EventCountry "NET"]
[SourceTitle "playchess.com"]
[Source "ChessBase"]
[SourceQuality "1"]
[WhiteTeam "Hungary"]
[BlackTeam "Slovenia"]
[WhiteTeamCountry "HUN"]
[BlackTeamCountry "SLO"]
[TimeControl "40/5400+30:1800+30"]

1. e4 {[%emt 0:00:00]} e6 {[%emt 0:00:10]} 2. d4 {[%emt 0:00:04]} d5 {[%emt 0:00:11]} 3. Nd2 {[%emt 0:00:02]} c5 {[%emt 0:00:13]} 4. exd5 {[%emt 0:00:03]} Qxd5 {[%emt 0:00:08]} 5. dxc5 {[%emt 0:00:06]} Nf6 {[%emt 0:00:13]} 6. Ngf3 {[%emt 0:00:03]} Qxc5 {[%emt 0:00:23]} 7. Bd3 {[%emt 0:00:25]} Nbd7 {[%emt 0:00:07]} 8. O-O {[%emt 0:00:30]} Be7 {[%emt 0:00:11]} 9. Re1 {[%emt 0:01:45]} O-O {[%emt 0:01:43]} 10. Ne4 {[%emt 0:00:43]} Qc7 {[%emt 0:09:20]} 11. Nxf6+ {[%emt 0:00:32]} Nxf6 {[%emt 0:00:21]} 12. Ne5 {[%emt 0:00:12]} b6 {[%emt 0:12:46]} 13. Qf3 {[%emt 0:11:23]} Bb7 {[%emt 0:00:09]} 14. Qh3 {[%emt 0:00:05]} Rfd8 {[%emt 0:20:20]} 15. Bg5 {[%emt 0:04:23]} h6 {[%emt 0:17:08]} 16. Nxf7 {[%emt 0:04:51]} Rxd3 {[%emt 0:10:30]} 17. Nxh6+ {[%emt 0:01:01]} gxh6 {[%emt 0:00:10]} 18. Qxe6+ {[%emt 0:00:08]} Kf8 {[%emt 0:08:03]} 19. Bxh6+ {[%emt 0:01:41]} Ke8 {[%emt 0:00:05]} 20. cxd3 {[%emt 0:00:16]} 1-0

[Event "Mitropa Online Cup Open 2021"]
[Site "Hybrid"]
[Date "2021.05.04"]
[Round "9.3"]
[White "Markoja, Boris"]
[Black "Nagy, Gabor"]
[Result "1/2-1/2"]
[WhiteElo "2442"]
[BlackElo "2518"]
[Annotator "ChessBase"]
[PlyCount "27"]
[EventDate "2021.05.04"]
[EventType "team-tourn"]
[EventCountry "NET"]
[SourceTitle "playchess.com"]
[Source "ChessBase"]
[SourceQuality "1"]
[WhiteTeam "Slovenia"]
[BlackTeam "Hungary"]
[WhiteTeamCountry "SLO"]
[BlackTeamCountry "HUN"]
[TimeControl "40/5400+30:1800+30"]

1. d4 {[%emt 0:00:00]} Nf6 {[%emt 0:00:08]} 2. c4 {[%emt 0:00:11]} e6 {[%emt 0:00:06]} 3. g3 {[%emt 0:00:09]} c5 {[%emt 0:00:07]} 4. d5 {[%emt 0:00:07]} exd5 {[%emt 0:00:06]} 5. cxd5 {[%emt 0:00:11]} d6 {[%emt 0:00:11]} 6. Nc3 {[%emt 0:00:08]} g6 {[%emt 0:00:07]} 7. Bg2 {[%emt 0:00:07]} Bg7 {[%emt 0:00:07]} 8. Nf3 {[%emt 0:00:08]} O-O {[%emt 0:00:07]} 9. O-O {[%emt 0:00:08]} Re8 {[%emt 0:00:10]} 10. Bf4 {[%emt 0:00:09]} Bf5 {[%emt 0:01:36]} 11. Nh4 {[%emt 0:00:27]} Bc8 {[%emt 0:00:28]} 12. Nf3 {[%emt 0:01:55]} Bf5 {[%emt 0:01:14]} 13. Nh4 {[%emt 0:00:25]} Bc8 {[%emt 0:01:11]} 14. Nf3 {[%emt 0:04:35]} 1/2-1/2

[Event "Mitropa Online Cup Open 2021"]
[Site "Hybrid"]
[Date "2021.05.04"]
[Round "9.3"]
[White "Spalir, Jernej"]
[Black "Csiki, Endre"]
[Result "1/2-1/2"]
[WhiteElo "2389"]
[BlackElo "2312"]
[Annotator "NA"]
[PlyCount "150"]
[EventDate "2021.05.04"]
[EventType "team-tourn"]
[EventCountry "NET"]
[SourceTitle "playchess.com"]
[Source "ChessBase"]
[SourceQuality "1"]
[WhiteTeam "Slovenia"]
[BlackTeam "Hungary"]
[WhiteTeamCountry "SLO"]
[BlackTeamCountry "HUN"]
[TimeControl "40/5400+30:1800+30"]

1. d4 {[%emt 0:00:00]} Nf6 {[%emt 0:00:14]} 2. c4 {[%emt 0:00:10]} e6 {[%emt 0:00:03]} 3. Nf3 {[%emt 0:00:05]} d5 {[%emt 0:00:04]} 4. Nc3 {[%emt 0:00:05]} Nbd7 {[%emt 0:00:02]} 5. cxd5 {[%emt 0:00:07]} exd5 {[%emt 0:00:06]} 6. Bg5 {[%emt 0:00:08]} c6 {[%emt 0:00:06]} 7. e3 {[%emt 0:00:05]} h6 {[%emt 0:00:04]} 8. Bh4 {[%emt 0:00:04]} g5 {[%emt 0:00:08]} 9. Bg3 {[%emt 0:00:05]} Nh5 {[%emt 0:00:08]} 10. Bd3 {[%emt 0:03:02]} Nxg3 {[%emt 0:00:19]} 11. hxg3 {[%emt 0:00:07]} Bg7 {[%emt 0:00:15]} 12. Qc2 {[%emt 0:08:42]} Nb6 {[%emt 0:00:44]} 13. O-O-O {[%emt 0:03:48]} Be6 {[%emt 0:00:27]} 14. Kb1 {[%emt 0:00:08]} Qe7 {[%emt 0:00:40]} 15. Na4 {[%emt 0:02:28]} Nxa4 {[%emt 0:08:11]} 16. Qxa4 {[%emt 0:00:13]} Bd7 {[%emt 0:11:48]} 17. Ka1 {[%emt 0:09:05]} a5 {[%emt 0:25:14]} 18. Ne5 {[%emt 0:05:27]} b5 {[%emt 0:04:36]} 19. Qc2 {[%emt 0:00:14]} Bxe5 {[%emt 0:00:34]} 20. dxe5 {[%emt 0:00:27]} Qxe5 {[%emt 0:06:33]} 21. f4 {[%emt 0:00:34]} Qe7 {[%emt 0:05:56]} 22. Qc3 {[%emt 0:02:31]} Rg8 {[%emt 0:04:54]} 23. Rxh6 {[%emt 0:04:50]} Qb4 {[%emt 0:08:55]} 24. Qc2 {[%emt 0:05:13]} a4 {[%emt 0:04:39]} 25. a3 {[%emt 0:15:04]} Qb3 {[%emt 0:00:29]} 26. Qb1 {[%emt 0:00:29]} Kf8 {[%emt 0:07:56]} 27. Bh7 {[%emt 0:02:27]} Rg7 {[%emt 0:01:45]} 28. Qc1 {[%emt 0:05:38]} Qc4 {[%emt 0:01:31]} 29. Qd2 {[%emt 0:00:05]} b4 {[%emt 0:01:38]} 30. Rc1 {[%emt 0:01:33]} Qb5 {[%emt 0:00:09]} 31. Bd3 {[%emt 0:00:07]} Qb6 {[%emt 0:01:49]} 32. axb4 {[%emt 0:01:37]} a3 {[%emt 0:00:37]} 33. b3 {[%emt 0:00:15]} gxf4 {[%emt 0:02:24]} 34. gxf4 {[%emt 0:00:57]} Re8 {[%emt 0:00:49]} 35. Rh8+ {[%emt 0:03:38]} Rg8 {[%emt 0:00:11]} 36. Rxg8+ {[%emt 0:00:18]} Kxg8 {[%emt 0:00:06]} 37. Re1 {[%emt 0:00:08]} Rb8 {[%emt 0:02:09]} 38. Ka2 {[%emt 0:01:19]} c5 {[%emt 0:00:28]} 39. Qc3 {[%emt 0:07:37]} Qxb4 {[%emt 0:00:39]} 40. Rc1 {[%emt 0:00:00]} c4 {[%emt 0:00:00]} 41. Qxb4 {[%emt 0:00:16]} Rxb4 {[%emt 0:01:57]} 42. Bc2 {[%emt 0:00:27]} cxb3+ {[%emt 0:07:08]} 43. Kxa3 {[%emt 0:00:43]} Rc4 {[%emt 0:05:06]} 44. Kxb3 {[%emt 0:00:06]} Ba4+ {[%emt 0:00:36]} 45. Kb2 {[%emt 0:00:05]} Bxc2 {[%emt 0:00:05]} 46. Rxc2 {[%emt 0:00:05]} Re4 {[%emt 0:00:01]} 47. Re2 {[%emt 0:01:29]} d4 {[%emt 0:02:04]} 48. Kc2 {[%emt 0:00:05]} dxe3 {[%emt 0:00:32]} 49. g3 {[%emt 0:00:04]} Rd4 {[%emt 0:00:06]} 50. Rxe3 {[%emt 0:00:05]} Kg7 {[%emt 0:00:04]} 51. Rd3 {[%emt 0:00:05]} Re4 {[%emt 0:00:02]} 52. Kd2 {[%emt 0:00:04]} Kg6 {[%emt 0:01:20]} 53. Re3 {[%emt 0:00:04]} Ra4 {[%emt 0:00:05]} 54. Ke2 {[%emt 0:00:05]} Rb4 {[%emt 0:01:06]} 55. Kf3 {[%emt 0:00:27]} Ra4 {[%emt 0:00:03]} 56. Rb3 {[%emt 0:00:08]} Ra1 {[%emt 0:00:16]} 57. Rb6+ {[%emt 0:00:13]} Kg7 {[%emt 0:00:05]} 58. Kg4 {[%emt 0:00:22]} Ra5 {[%emt 0:00:46]} 59. Rb8 {[%emt 0:02:49]} Ra3 {[%emt 0:01:05]} 60. Rb5 {[%emt 0:00:47]} Kf6 {[%emt 0:00:11]} 61. Rb6+ {[%emt 0:01:03]} Kg7 {[%emt 0:00:14]} 62. Kh4 {[%emt 0:00:31]} Ra5 {[%emt 0:01:21]} 63. g4 {[%emt 0:00:05]} Ra4 {[%emt 0:00:36]} 64. Kg5 {[%emt 0:00:49]} Ra5+ {[%emt 0:00:44]} 65. f5 {[%emt 0:00:05]} Rc5 {[%emt 0:01:02]} 66. Ra6 {[%emt 0:00:05]} Rb5 {[%emt 0:00:13]} 67. Ra4 {[%emt 0:00:04]} Rc5 {[%emt 0:00:52]} 68. Kf4 {[%emt 0:00:05]} Rb5 {[%emt 0:00:57]} 69. Re4 {[%emt 0:00:58]} Ra5 {[%emt 0:00:53]} 70. g5 {[%emt 0:00:18]} Ra1 {[%emt 0:00:37]} 71. Re8 {[%emt 0:00:10]} Rf1+ {[%emt 0:00:17]} 72. Kg4 {[%emt 0:00:03]} Rg1+ {[%emt 0:00:04]} 73. Kf4 {[%emt 0:00:01]} Rf1+ {[%emt 0:00:01]} 74. Kg4 {[%emt 0:00:01]} Rg1+ {[%emt 0:00:01]} 75. Kf4 {[%emt 0:00:01]} Rf1+ {[%emt 0:00:01]} 1/2-1/2

[Event "Mitropa Online Cup Open 2021"]
[Site "Hybrid"]
[Date "2021.05.04"]
[Round "9.3"]
[White "Borhy, Marcell"]
[Black "Tomazini, Zan"]
[Result "1-0"]
[WhiteElo "2384"]
[BlackElo "2406"]
[Annotator "NA"]
[PlyCount "83"]
[EventDate "2021.05.04"]
[EventType "team-tourn"]
[EventCountry "NET"]
[SourceTitle "playchess.com"]
[Source "ChessBase"]
[SourceQuality "1"]
[WhiteTeam "Hungary"]
[BlackTeam "Slovenia"]
[WhiteTeamCountry "HUN"]
[BlackTeamCountry "SLO"]
[TimeControl "40/5400+30:1800+30"]

1. Nf3 {[%emt 0:00:00]} Nf6 {[%emt 0:00:10]} 2. g3 {[%emt 0:00:09]} g6 {[%emt 0:00:20]} 3. Bg2 {[%emt 0:00:11]} Bg7 {[%emt 0:00:10]} 4. d4 {[%emt 0:00:06]} d5 {[%emt 0:00:48]} 5. c4 {[%emt 0:00:05]} dxc4 {[%emt 0:01:03]} 6. Qa4+ {[%emt 0:00:37]} Nbd7 {[%emt 0:00:45]} 7. Nc3 {[%emt 0:01:25]} O-O {[%emt 0:04:48]} 8. Qxc4 {[%emt 0:00:19]} Ne8 {[%emt 0:02:28]} 9. O-O {[%emt 0:04:57]} Nd6 {[%emt 0:00:26]} 10. Qb3 {[%emt 0:02:53]} c5 {[%emt 0:04:05]} 11. Rd1 {[%emt 0:02:21]} cxd4 {[%emt 0:03:52]} 12. Nxd4 {[%emt 0:00:15]} Nc5 {[%emt 0:17:21]} 13. Qc2 {[%emt 0:13:15]} Bd7 {[%emt 0:01:16]} 14. Nb3 {[%emt 0:17:34]} Nxb3 {[%emt 0:13:26]} 15. Qxb3 {[%emt 0:01:26]} Bc6 {[%emt 0:05:50]} 16. Bf4 {[%emt 0:05:01]} Bxg2 {[%emt 0:08:22]} 17. Kxg2 {[%emt 0:00:18]} Qd7 {[%emt 0:01:24]} 18. Nd5 {[%emt 0:06:00]} e5 {[%emt 0:01:15]} 19. Be3 {[%emt 0:04:01]} Rfc8 {[%emt 0:03:48]} 20. Qb4 {[%emt 0:15:42]} Rc6 {[%emt 0:02:31]} 21. Rac1 {[%emt 0:06:04]} Rxc1 {[%emt 0:01:39]} 22. Bxc1 {[%emt 0:00:10]} Re8 {[%emt 0:03:19]} 23. Bg5 {[%emt 0:02:28]} Re6 {[%emt 0:04:37]} 24. e4 {[%emt 0:04:03]} h6 {[%emt 0:01:56]} 25. Be7 {[%emt 0:02:57]} Kh8 {[%emt 0:00:20]} 26. Bxd6 {[%emt 0:00:14]} Qxd6 {[%emt 0:02:32]} 27. Qxb7 {[%emt 0:00:22]} Qc6 {[%emt 0:01:26]} 28. Qxa7 {[%emt 0:02:31]} Re8 {[%emt 0:02:15]} 29. Nc3 {[%emt 0:03:03]} f5 {[%emt 0:00:37]} 30. Rd7 {[%emt 0:02:28]} Rg8 {[%emt 0:00:13]} 31. Qb7 {[%emt 0:00:58]} Qc4 {[%emt 0:00:36]} 32. Qd5 {[%emt 0:00:38]} Qb4 {[%emt 0:00:14]} 33. Rb7 {[%emt 0:00:51]} Qd4 {[%emt 0:01:00]} 34. a4 {[%emt 0:00:45]} fxe4 {[%emt 0:00:32]} 35. Qxe4 {[%emt 0:00:19]} Rf8 {[%emt 0:00:47]} 36. Qe3 {[%emt 0:00:45]} Rd8 {[%emt 0:02:56]} 37. a5 {[%emt 0:00:43]} Ra8 {[%emt 0:00:35]} 38. b4 {[%emt 0:00:31]} Rc8 {[%emt 0:00:13]} 39. a6 {[%emt 0:00:45]} Qc4 {[%emt 0:01:04]} 40. a7 {[%emt 0:00:00]} Qc6+ {[%emt 0:00:00]} 41. Qe4 {[%emt 0:02:04]} Qxc3 {[%emt 0:03:29]} 42. Rb8 {[%emt 0:00:29]} 1-0

[Event "Mitropa Online Cup Open 2021"]
[Site "Hybrid"]
[Date "2021.05.04"]
[Round "9.4"]
[White "Gazik, Viktor"]
[Black "Rogic, Davor"]
[Result "1-0"]
[WhiteElo "2542"]
[BlackElo "2492"]
[Annotator "ChessBase"]
[PlyCount "51"]
[EventDate "2021.05.04"]
[EventType "team-tourn"]
[EventCountry "NET"]
[SourceTitle "playchess.com"]
[Source "ChessBase"]
[SourceQuality "1"]
[WhiteTeam "Slovakia"]
[BlackTeam "Croatia"]
[WhiteTeamCountry "SVK"]
[BlackTeamCountry "CRO"]
[TimeControl "40/5400+30:1800+30"]

1. e4 {[%emt 0:00:00]} e5 {[%emt 0:00:18]} 2. Nf3 {[%emt 0:00:20]} Nc6 {[%emt 0:00:10]} 3. d4 {[%emt 0:00:29]} exd4 {[%emt 0:00:17]} 4. Nxd4 {[%emt 0:00:08]} Nf6 {[%emt 0:00:27]} 5. Nxc6 {[%emt 0:00:05]} bxc6 {[%emt 0:00:07]} 6. Bd3 {[%emt 0:00:03]} d5 {[%emt 0:01:39]} 7. exd5 {[%emt 0:00:19]} cxd5 {[%emt 0:00:24]} 8. O-O {[%emt 0:00:03]} Be7 {[%emt 0:01:05]} 9. Re1 {[%emt 0:00:03]} O-O {[%emt 0:01:07]} 10. h3 {[%emt 0:00:04]} Bb7 {[%emt 0:02:49]} 11. Nd2 {[%emt 0:01:23]} Re8 {[%emt 0:07:44]} 12. b3 {[%emt 0:06:05]} Ne4 {[%emt 0:07:19]} 13. Nxe4 {[%emt 0:12:17]} dxe4 {[%emt 0:00:42]} 14. Bb5 {[%emt 0:06:27]} c6 {[%emt 0:10:58]} 15. Bc4 {[%emt 0:00:35]} Bf6 {[%emt 0:03:08]} 16. Rb1 {[%emt 0:00:48]} Bc3 {[%emt 0:04:08]} 17. Qh5 {[%emt 0:19:03]} Qc7 {[%emt 0:12:12]} 18. Rd1 {[%emt 0:04:09]} Be5 {[%emt 0:12:27]} 19. Be3 {[%emt 0:11:14]} Bc8 {[%emt 0:09:14]} 20. Rd2 {[%emt 0:05:04]} Bc3 {[%emt 0:03:29]} 21. Rd6 {[%emt 0:00:48]} Ba6 {[%emt 0:08:47]} 22. Qc5 {[%emt 0:03:00]} Bb7 {[%emt 0:05:20]} 23. Rbd1 {[%emt 0:03:47]} Re7 {[%emt 0:00:43]} 24. Bg5 {[%emt 0:07:00]} Re5 {[%emt 0:00:45]} 25. Qe3 {[%emt 0:00:09]} Qa5 {[%emt 0:01:52]} 26. Bd8 {[%emt 0:00:12]} 1-0

[Event "Mitropa Online Cup Open 2021"]
[Site "Hybrid"]
[Date "2021.05.04"]
[Round "9.4"]
[White "Druska, Juraj"]
[Black "Zelcic, Robert"]
[Result "1/2-1/2"]
[WhiteElo "2494"]
[BlackElo "2539"]
[Annotator "ChessBase"]
[PlyCount "75"]
[EventDate "2021.05.04"]
[EventType "team-tourn"]
[EventCountry "NET"]
[SourceTitle "playchess.com"]
[Source "ChessBase"]
[SourceQuality "1"]
[WhiteTeam "Slovakia"]
[BlackTeam "Croatia"]
[WhiteTeamCountry "SVK"]
[BlackTeamCountry "CRO"]
[TimeControl "40/5400+30:1800+30"]

1. e4 {[%emt 0:00:00]} c6 {[%emt 0:00:07]} 2. Nf3 {[%emt 0:00:10]} d5 {[%emt 0:00:06]} 3. d3 {[%emt 0:00:07]} Qc7 {[%emt 0:00:07]} 4. Nc3 {[%emt 0:06:34]} dxe4 {[%emt 0:00:06]} 5. Nxe4 {[%emt 0:00:27]} Nf6 {[%emt 0:00:06]} 6. Qe2 {[%emt 0:00:50]} Nxe4 {[%emt 0:00:05]} 7. Qxe4 {[%emt 0:00:07]} Nd7 {[%emt 0:00:37]} 8. g3 {[%emt 0:01:49]} Nf6 {[%emt 0:06:50]} 9. Qe5 {[%emt 0:01:23]} Qxe5+ {[%emt 0:07:59]} 10. Nxe5 {[%emt 0:00:05]} Be6 {[%emt 0:00:15]} 11. Bg2 {[%emt 0:17:52]} Bd5 {[%emt 0:01:39]} 12. O-O {[%emt 0:00:28]} Bxg2 {[%emt 0:00:38]} 13. Kxg2 {[%emt 0:00:15]} e6 {[%emt 0:03:54]} 14. Bd2 {[%emt 0:06:57]} Be7 {[%emt 0:07:58]} 15. Rae1 {[%emt 0:02:56]} O-O {[%emt 0:00:22]} 16. f4 {[%emt 0:00:55]} Bd6 {[%emt 0:19:10]} 17. Nc4 {[%emt 0:14:06]} Bc7 {[%emt 0:00:39]} 18. Re2 {[%emt 0:15:34]} Rfd8 {[%emt 0:02:44]} 19. Rfe1 {[%emt 0:01:43]} a5 {[%emt 0:15:06]} 20. a4 {[%emt 0:03:10]} b5 {[%emt 0:08:47]} 21. Ne5 {[%emt 0:01:47]} Ra6 {[%emt 0:00:57]} 22. f5 {[%emt 0:08:05]} exf5 {[%emt 0:03:06]} 23. Nxf7 {[%emt 0:00:21]} Kxf7 {[%emt 0:05:54]} 24. Re7+ {[%emt 0:00:06]} Kf8 {[%emt 0:01:37]} 25. Rxc7 {[%emt 0:00:05]} bxa4 {[%emt 0:00:07]} 26. Ree7 {[%emt 0:04:26]} Nd5 {[%emt 0:00:14]} 27. Rf7+ {[%emt 0:00:25]} Ke8 {[%emt 0:00:04]} 28. Rb7 {[%emt 0:00:17]} Rb6 {[%emt 0:00:12]} 29. Rxb6 {[%emt 0:08:15]} Kxf7 {[%emt 0:00:06]} 30. Rxc6 {[%emt 0:00:05]} Rb8 {[%emt 0:00:05]} 31. Bc1 {[%emt 0:00:39]} Nb4 {[%emt 0:01:03]} 32. Rc7+ {[%emt 0:01:52]} Ke6 {[%emt 0:00:42]} 33. Bf4 {[%emt 0:01:17]} Rb6 {[%emt 0:03:42]} 34. Rc5 {[%emt 0:02:21]} Nd5 {[%emt 0:04:00]} 35. Bc1 {[%emt 0:00:53]} Nb4 {[%emt 0:00:15]} 36. Bf4 {[%emt 0:00:35]} Nd5 {[%emt 0:00:04]} 37. Bc1 {[%emt 0:00:11]} Nb4 {[%emt 0:00:08]} 38. Bf4 {[%emt 0:00:15]} 1/2-1/2

[Event "Mitropa Online Cup Open 2021"]
[Site "Hybrid"]
[Date "2021.05.04"]
[Round "9.4"]
[White "Kovacevic, Blazimir"]
[Black "Pechac, Jergus"]
[Result "0-1"]
[WhiteElo "2410"]
[BlackElo "2519"]
[Annotator "ChessBase"]
[PlyCount "144"]
[EventDate "2021.05.04"]
[EventType "team-tourn"]
[EventCountry "NET"]
[SourceTitle "playchess.com"]
[Source "ChessBase"]
[SourceQuality "1"]
[WhiteTeam "Croatia"]
[BlackTeam "Slovakia"]
[WhiteTeamCountry "CRO"]
[BlackTeamCountry "SVK"]
[TimeControl "40/5400+30:1800+30"]

1. c4 {[%emt 0:00:00]} e5 {[%emt 0:00:06]} 2. Nc3 {[%emt 0:00:08]} Nf6 {[%emt 0:00:04]} 3. Nf3 {[%emt 0:01:13]} Nc6 {[%emt 0:00:08]} 4. g3 {[%emt 0:00:03]} d5 {[%emt 0:00:09]} 5. cxd5 {[%emt 0:00:04]} Nxd5 {[%emt 0:00:05]} 6. Bg2 {[%emt 0:00:02]} Bc5 {[%emt 0:00:17]} 7. O-O {[%emt 0:00:09]} O-O {[%emt 0:00:33]} 8. d3 {[%emt 0:23:22]} Re8 {[%emt 0:00:06]} 9. Bd2 {[%emt 0:01:03]} Nb6 {[%emt 0:00:14]} 10. Rc1 {[%emt 0:02:20]} Bf8 {[%emt 0:00:07]} 11. Ne4 {[%emt 0:02:18]} Nd4 {[%emt 0:04:53]} 12. Nc5 {[%emt 0:05:19]} c6 {[%emt 0:03:55]} 13. Re1 {[%emt 0:04:25]} a5 {[%emt 0:04:28]} 14. a3 {[%emt 0:08:23]} a4 {[%emt 0:01:51]} 15. Nxd4 {[%emt 0:06:35]} exd4 {[%emt 0:00:24]} 16. e3 {[%emt 0:00:36]} h6 {[%emt 0:16:39]} 17. exd4 {[%emt 0:03:25]} Rxe1+ {[%emt 0:00:30]} 18. Bxe1 {[%emt 0:00:04]} Qxd4 {[%emt 0:00:33]} 19. Qc2 {[%emt 0:00:18]} Nd5 {[%emt 0:03:48]} 20. Ne4 {[%emt 0:03:11]} Bf5 {[%emt 0:05:37]} 21. Qe2 {[%emt 0:06:35]} Bg6 {[%emt 0:10:54]} 22. Rc4 {[%emt 0:03:30]} Qe5 {[%emt 0:00:28]} 23. f4 {[%emt 0:09:13]} Qe6 {[%emt 0:06:11]} 24. Bf2 {[%emt 0:00:53]} b5 {[%emt 0:04:41]} 25. Rc1 {[%emt 0:00:11]} b4 {[%emt 0:01:07]} 26. axb4 {[%emt 0:08:49]} Nxb4 {[%emt 0:00:14]} 27. Rc4 {[%emt 0:02:28]} Rd8 {[%emt 0:01:37]} 28. Rd4 {[%emt 0:05:01]} Rxd4 {[%emt 0:01:52]} 29. Bxd4 {[%emt 0:00:05]} Qd7 {[%emt 0:00:24]} 30. Bc3 {[%emt 0:01:10]} Nxd3 {[%emt 0:04:12]} 31. Kf1 {[%emt 0:00:06]} c5 {[%emt 0:02:07]} 32. Qe3 {[%emt 0:00:35]} Qb5 {[%emt 0:00:55]} 33. Qe2 {[%emt 0:00:36]} a3 {[%emt 0:02:25]} 34. bxa3 {[%emt 0:00:14]} Bh5 {[%emt 0:00:25]} 35. Bf3 {[%emt 0:02:13]} Bxf3 {[%emt 0:07:15]} 36. Qxf3 {[%emt 0:00:04]} f5 {[%emt 0:00:02]} 37. Nd2 {[%emt 0:01:59]} Nxf4+ {[%emt 0:00:13]} 38. Kg1 {[%emt 0:01:28]} Ne2+ {[%emt 0:02:55]} 39. Kf2 {[%emt 0:00:05]} Nxc3 {[%emt 0:00:57]} 40. Qxc3 {[%emt 0:00:00]} Kh7 {[%emt 0:00:00]} 41. Qc2 {[%emt 0:09:45]} g6 {[%emt 0:02:08]} 42. h4 {[%emt 0:04:28]} Bg7 {[%emt 0:06:48]} 43. Nc4 {[%emt 0:10:20]} Qc6 {[%emt 0:04:08]} 44. Qd3 {[%emt 0:01:38]} Bd4+ {[%emt 0:00:59]} 45. Ke2 {[%emt 0:00:19]} Kg7 {[%emt 0:05:58]} 46. Nd2 {[%emt 0:00:42]} Be5 {[%emt 0:05:41]} 47. Kf2 {[%emt 0:00:53]} Bf6 {[%emt 0:03:36]} 48. Qb3 {[%emt 0:01:40]} Bd4+ {[%emt 0:02:47]} 49. Ke2 {[%emt 0:00:05]} Qg2+ {[%emt 0:00:41]} 50. Kd1 {[%emt 0:00:03]} Be5 {[%emt 0:00:23]} 51. Nf3 {[%emt 0:03:44]} Qxg3 {[%emt 0:02:16]} 52. Qb7+ {[%emt 0:01:25]} Bc7 {[%emt 0:00:48]} 53. a4 {[%emt 0:01:03]} Qf4 {[%emt 0:02:17]} 54. a5 {[%emt 0:01:29]} Qa4+ {[%emt 0:00:15]} 55. Ke2 {[%emt 0:00:35]} Qe4+ {[%emt 0:05:50]} 56. Qxe4 {[%emt 0:00:28]} fxe4 {[%emt 0:00:06]} 57. Nd2 {[%emt 0:00:10]} Bxa5 {[%emt 0:00:09]} 58. Nxe4 {[%emt 0:00:03]} c4 {[%emt 0:00:21]} 59. Nd6 {[%emt 0:01:16]} c3 {[%emt 0:00:06]} 60. Kd3 {[%emt 0:00:53]} Kf6 {[%emt 0:03:46]} 61. Nc4 {[%emt 0:00:04]} Bb4 {[%emt 0:00:18]} 62. Ne3 {[%emt 0:00:02]} Ke6 {[%emt 0:00:13]} 63. h5 {[%emt 0:00:47]} gxh5 {[%emt 0:01:32]} 64. Nd1 {[%emt 0:00:47]} h4 {[%emt 0:01:55]} 65. Nxc3 {[%emt 0:00:05]} h3 {[%emt 0:00:07]} 66. Ne4 {[%emt 0:00:49]} h2 {[%emt 0:00:08]} 67. Ng3 {[%emt 0:00:59]} Bd6 {[%emt 0:00:33]} 68. Nh1 {[%emt 0:00:05]} Kf5 {[%emt 0:00:11]} 69. Ke3 {[%emt 0:00:13]} Kg4 {[%emt 0:00:06]} 70. Kf2 {[%emt 0:00:39]} Kh3 {[%emt 0:00:06]} 71. Kf3 {[%emt 0:00:19]} Bc5 {[%emt 0:00:12]} 72. Ng3 {[%emt 0:01:12]} h5 {[%emt 0:00:16]} 0-1